000 00823 a2200193 4500
003 Nust
005 20221212111200.0
020 _a0130795429
040 _cNust
082 _a621.3822,ALK
100 _aAlkin, Oktay
_9104629
245 _aDigital signal processing :
_ba laboratory approach using PC-DSP (Include Floppy Disk) /
_cOktay Alkin
260 _aNew York
_bPrentice-Hall
_c1994
300 _ax, 213 p.
505 _a Introduction (Page-1), Discrete Time Signals (Page-10), Discrete Time Systems (Page-31), Frequency Domain Analysis (Page-57), Sampling and Reconstruction (Page-82), The z- Transform and Discrete Time Structure (Page-101), IIR Filter Design (Page-113), FIR Filter Design (Page-132).
650 _aTelecommunication Engineering
651 _a(Include Floppy Disk)
_993875
942 _2ddc
_cBK
999 _c188638
_d188638